000 00444nam a2200193Ia 4500
003 GCL
008 140319s9999 xx 000 0 eng d
020 _a0823066061
040 _aGCL /
_cGCL
082 0 4 _a749
_bW C
245 1 0 _aCLASSICAL FURNITURE
260 _aانجلترا :
_bWHITENY
300 _a32 CM ؛
_c208 P
650 0 4 _aTABLES
650 0 4 _aFURNITURE
650 0 4 _aCHAIRS
650 0 4 _aBEDROOM FURNITURE
942 _2ddc
_cBK
999 _c6603
_d6603